1180 1662 1776 1833 1416 1441 1274 1495 1427 1820 1306 1343 1038 1096 1398 1389 1493 1853 1683 1987 1427 1572 1010 1522 1904 1845 1053 1110 1367 1659 1288 1343 1099 1051 1880 1882 1467 1009 1520 1915 1874 1634 1948 1018 1951 1078 1725 1021 1617 1607 1111 1804 1942 1054 1344 1885 1729 1144 1262 1992 1840 1452 1492 1389 1546 1606 1485 1235 1223 1888 1259 1785 1291 1666 1092 1766 1727 1497 1691 1328 1883 1895 1343 1794 1420 1133 1454 1668 1848 1298 1991 1872 1281 1937 1255 1209 1197 1505 1233 BCNSPRNW ULIB Ver.6.0+V

เปลี่ยนเป็นภาษาไทย

Change to English
 แสดงรายละเอียดบรรณานุกรม
  กลับหน้าหลัก

Brief Record : Get Marc (ISO 2709) : E-mail record : QR code < ปิดหน้าต่าง
LEADER : 00000nam 2200000uu 4500
001    13399122847
003     ULIB
008    020711s2545 th a 000 0 tha d
020    9748700615
020    9789748700618
050    PN^bพ231อ
100    พรชัย แสนยะมูล
245    อยากให้เธออารมณ์ดียกกำลังสอง /^cพรชัย แสนยะมูล
260    กรุงเทพฯ :^bไม้ยมก,^c2545
300    125 หน้า
945    ^p0^l0^i13994
รายการนี้ยังไม่มีแท็ก
คุณยังไม่ได้ล็อกอิน คุณสามารถมีกิจกรรมร่วมกับเว็บไซต์ได้ แต่ต้องล็อกอินก่อน ::
  ล็อกอิน

รายการสื่อสารสนเทศ

ลำดับที่ ประเภท เลขเรียก/บาร์โค้ด สถานที่ สถานะ
1. การศึกษาทั่วไป
การศึกษาทั่วไป
PN พ231อ ฉ.1 
  Barcode: 13994
ห้องสมุดวิทยาเขตนครสวรรค์
►หนังสือทั่วไป:l:General Books
บนชั้น

BibComment


ยังไม่เคยถูกคอมเมนท์

คอมเมนท์ทรัพยากรรายการนี้
  คอมเมนท์: อยากให้เธออารมณ์ด..


 Copyright 2026. Bcnsprnw @Library